Українська історіографія (Запис № 317176)

МАРК-запис
000 -Лідер
fixed length control field 00707nam a22002657a 4500
001 - Контрольний номер
control field 30762
003 - Ідентифікатор контрольного номера
control field UA-OsUOA
005 - Дата та час останнього входження (трансакції)
control field 20201127224238.0
007 - Фіксоване поле фізичного опису
fixed length control field ta
008 - Елементи даних фіксованої довжини – загальна інформація
fixed length control field 20041115b un ||||| |||| 00| 0 ukr d
020 ## - Міжнародний стандартний книжковий номер (ISBN)
Міжнародний стандартний книжковий номер (ISBN) (НП) 966-504-372-2
040 ## - Джерело каталогізації
Агенція оригінальної каталогізації UA-OsUOA
Мова каталогізації ukr
Агенція, яка здійснювала перезапис UA-OsUOA
Агенція, яка здійснювала модифікацію UA-OsUOA
041 ## - Код мови
Код мови тексту/ звукової доріжки чи окремого заголовка (П) ukr
044 ## - Код країни видавця/ виробника
Код країни видавця/ виробника (П) UA
080 ## - Індекс Універсальної десяткової класифікації
Індекс Універсальної десяткової класифікації (УДК) (НП) 930.1(477)
090 ## - Локальний шифр розміщення
Класифікаційний індекс УДК 930.1(477)
Авторський знак (НП) К17
100 ## - Основне введення – ім’я особи
Ім’я особи (НП) Калакура Я.
245 ## - Відомості про назву
Назва (НП) Українська історіографія
Решта назви (НП) курс лекцій
260 ## - Публікація, розповсюдження і т.п. (Вихідні дані)
Місце публікації, розповсюдження і т.п. (П) Київ
Ім’я/ наймення видавництва, розповсюджувача і т.п. (П) Генеза
Дата публікації, розповсюдження і т.п. (П) 2004
300 ## - Фізичний опис
Обсяг 496 с.
650 #7 - Додаткове предметне введення – тематичний термін
Джерело заголовка чи терміна UDC
942 ## - Додаткові елементи входу (Коха)
Тип елемента Koha Книги
Source of classification or shelving scheme Universal Decimal Classification
955 ## - Код типу видання за змістом
Код типу видання за змістом (НП) інше
Фонди
Стан вилучень Стан втрат Джерело класифікації або схеми стелажів Стан уражень Не для кредиту Постійне місце розташування Поточне розміщення Дата придбання Вартість, звичайна ціна покупки Інвентарний номер Повний номер виклику Штрих-код Дата останнього перегляду Ціна ефективна від Тип елемента Koha Джерело придбання Усього замовленно
    Universal Decimal Classification     Наукова бібліотека ІДУД Наукова бібліотека ІДУД 04/09/2014 1.00 2137061 930.1 К17 2137061 14/09/2019 04/09/2014 Книги 311/2014  
    Universal Decimal Classification     ЧЗ - Читальна зала ЧЗ - Читальна зала 13/07/2019 37.30 81227 930.1(477) К17 81227 07/02/2022 15/11/2004 Книги    
    Universal Decimal Classification     ЧЗ - Читальна зала ЧЗ - Читальна зала 13/07/2019 37.30 81228 930.1(477) К17 81228 07/02/2022 15/11/2004 Книги    
    Universal Decimal Classification     ЧЗ - Читальна зала ЧЗ - Читальна зала 13/07/2019 37.30 81229 930.1(477) К17 81229 07/02/2022 15/11/2004 Книги